[Event "Eje Cafetero Region U12"]
[Site "Eje Cafetero"]
[Date "2009.03.23"]
[Round "5.10"]
[White "Castano, Juan Pablo"]
[Black "Lucca, Franchesco"]
[Result "1-0"]
[WhiteElo "1400"]
[BlackElo "1400"]
[PlyCount "29"]
[EventDate "2009.03.23"]
[EventType "swiss"]
[EventRounds "7"]
[EventCountry "COL"]
[SourceTitle "EXT 2024"]
[Source "ChessBase"]
[SourceDate "2023.10.10"]
[SourceVersion "1"]
[SourceVersionDate "2023.10.10"]
[SourceQuality "1"]

1. e4 e5 2. Nc3 Nf6 3. d4 exd4 4. Qxd4 Nc6 5. Qd1 d5 6. exd5 Nxd5 7. Nf3 Nxc3 8. Qxd8+ Kxd8 9. Bg5+ f6 10. Bh4 g5 11. Bg3 Nd5 12. 0-0-0 a6 13. c4 Nce7 14. cxd5 Nf5 15. Bc4 1-0

[Event "Eje Cafetero Region U12"]
[Site "Eje Cafetero"]
[Date "2009.03.23"]
[Round "6.16"]
[White "Lucca, Franchesco"]
[Black "Andrade, Luisa Fernanda1111"]
[Result "1-0"]
[WhiteElo "1400"]
[BlackElo "1400"]
[PlyCount "39"]
[EventDate "2009.03.23"]
[EventType "swiss"]
[EventRounds "7"]
[EventCountry "COL"]
[SourceTitle "EXT 2024"]
[Source "ChessBase"]
[SourceDate "2023.10.10"]
[SourceVersion "1"]
[SourceVersionDate "2023.10.10"]
[SourceQuality "1"]

1. e4 e5 2. Nf3 Bc5 3. Nc3 Nf6 4. Bc4 Nc6 5. h3 0-0 6. 0-0 d6 7. a3 Be6 8. Bxe6 fxe6 9. Ng5 a6 10. Nxe6 Qe7 11. Nxf8 Qxf8 12. Qf3 Nh5 13. Qxh5 Rd8 14. d3 h6 15. Qg4 b5 16. Bxh6 Qe7 17. Rae1 Kf8 18. Qf5+ Ke8 19. Bg5 Qd7 20. Bxd8 1-0